[Event "CZE-ch U10 Girls"]
[Site "Kouty nad Desnou"]
[Date "2015.03.14"]
[Round "9"]
[White "Bastincova, Hana"]
[Black "Vankova, Marie"]
[Result "0-1"]
[WhiteElo "1133"]
[BlackElo "1000"]
[PlyCount "58"]
[EventDate "2015.03.07"]
[EventType "swiss"]
[EventRounds "9"]
[EventCountry "CZE"]
[SourceTitle "EXT 2017"]
[Source "ChessBase"]
[SourceDate "2016.10.25"]
[SourceVersion "1"]
[SourceVersionDate "2016.10.25"]
[SourceQuality "1"]

1. e4 e5 2. Nf3 Nc6 3. Nc3 Nf6 4. Bb5 d6 5. d3 Be7 6. Bg5 0-0 7. 0-0 Bg4 8. a3 Nd4 9. Bc4 Nh5 10. Be3 Bh4 11. Bxd4 exd4 12. Nd5 Nf6 13. Nf4 Re8 14. Re1 c6 15. Bb3 Nh5 16. Nxh5 Bxh5 17. Bc4 Qf6 18. Qe2 d5 19. e5 Qf4 20. g3 Qg5 21. Nxg5 Bxe2 22. gxh4 Rxe5 23. Nf3 Re6 24. Nxd4 Rg6+ 25. Kh1 Bg4 26. Kg1 dxc4 27. dxc4 c5 28. Nb5 Be2+ 29. Kh1 Bf3# 0-1

[Event "CZE-ch U10 Girls"]
[Site "Kouty nad Desnou"]
[Date "2015.03.08"]
[Round "2"]
[White "Pastrnkova, Katerina"]
[Black "Bastincova, Hana"]
[Result "1-0"]
[WhiteElo "1264"]
[BlackElo "1133"]
[PlyCount "65"]
[EventDate "2015.03.07"]
[EventType "swiss"]
[EventRounds "9"]
[EventCountry "CZE"]
[SourceTitle "EXT 2017"]
[Source "ChessBase"]
[SourceDate "2016.10.25"]
[SourceVersion "1"]
[SourceVersionDate "2016.10.25"]
[SourceQuality "1"]

1. e4 c5 2. Nf3 d6 3. d4 cxd4 4. Qxd4 Nf6 5. Nc3 g6 6. e5 Nc6 7. Bb5 Bd7 8. Bxc6 Bxc6 9. exf6 exf6 10. Qd3 Bg7 11. Qe2+ Qe7 12. Qxe7+ Kxe7 13. Bf4 Rhe8 14. 0-0-0 Rad8 15. Rhe1+ Kf8 16. Rxe8+ Kxe8 17. Bxd6 Bh6+ 18. Kb1 Bf8 19. Bxf8 Rxd1+ 20. Nxd1 Kxf8 21. Ne3 Bxf3 22. gxf3 Ke7 23. c4 f5 24. Kc2 f6 25. Kd3 h6 26. Nd5+ Ke6 27. b4 Kd6 28. Nxf6 b6 29. Kd4 a6 30. c5+ Kc6 31. Nd5 g5 32. Ne7+ Kd7 33. Nxf5 1-0